Statistics for Sevilla FC 2017/18 Squad

Click here to take the quiz!

General Stats

  • This quiz has been taken 62 times
  • The average score is 13 of 24

Answer Stats

Jersey #NationalityPositionPlayer Name% Correct
10ArgentinaCAMÉver Banega
82%
4DenmarkCBSimon Kjær
82%
9FranceSTWissam Ben Yedder
82%
15FranceCDMSteven N'Zonzi
80%
1SpainGKSergio Rico
76%
20ColombiaSTLuis Muriel
72%
16SpainRMJesús Navas
68%
25ArgentinaRBGabriel Mercado
60%
18SpainLBSergio Escudero
60%
22ItalyCMFranco Vázquez
56%
5FranceCBClément Lenglet
54%
6PortugalCBDaniel Carriço
54%
11ArgentinaCAMJoaquín Correa
50%
7DenmarkCMMichael Krohn-Dehli
50%
24SpainLWNolito
48%
19BrazilCAMGanso
46%
17SpainRMPablo Sarabia
46%
13SpainGKDavid Soria
44%
21ArgentinaCBNicolás Pareja
44%
14ArgentinaCDMGuido Pizarro
38%
2FranceRBSébastien Corchia
38%
12GermanyCDMJohannes Geis
36%
3FranceLBLionel Carole
32%
8ArgentinaRWWalter Montoya
18%

Score Distribution

Percentile by Number Answered

Percent of People with Each Score

Your Score History

You have not taken this quiz